|
|
|
|
| LEADER |
00000cam a2200000 7i4500 |
| 001 |
0000012656 |
| 005 |
20231119090810.0 |
| 008 |
071227 |
| 020 |
|
|
|a 9839422383
|
| 020 |
|
|
|a 997177304x
|
| 090 |
0 |
0 |
|a 297.2
|b BUR
|
| 100 |
1 |
|
|a Ibrahim Muhammad bin Abdullah Al-Buraikan,Dr.
|
| 245 |
1 |
0 |
|a Aqidah Islam :
|b Madzhab ahlissunnah wal jama'ah
|c Dr.Ibrahim Muhammad bin Abdullah Al-Buraikan; penterjemah,Muhammad Anis Matta & Robbani Press
|
| 260 |
|
|
|a Kuala Lumpur :
|b Pustaka Dini ,
|c 2001
|
| 650 |
|
0 |
|a Faith (Islam)
|
| 650 |
|
0 |
|a Islam
|x Doctrines
|
| 700 |
0 |
|
|a Muhammad Anis Matta
|
| 700 |
0 |
|
|a Robbani Press
|
| 999 |
|
|
|a 0000491757
|b Book
|c Adult Collection
|e Cawangan Bandar Penawar
|
| 999 |
|
|
|a 0001008946
|b Book
|c Adult Collection
|e Perbadanan Perpustakaan Awam Johor
|
| 999 |
|
|
|a 0001008947
|b Book
|c Adult Collection
|e Perbadanan Perpustakaan Awam Johor
|
| 999 |
|
|
|a 0001008948
|b Book
|c Adult Collection
|e Perbadanan Perpustakaan Awam Johor
|
| 999 |
|
|
|a 0001741774
|b Book
|c Adult Collection
|e Cawangan Bandar Penawar
|